| 000 | 01932aam a2200337 i 4500 | ||
|---|---|---|---|
| 001 | 768714001 | ||
| 003 | CO-MdFUSB | ||
| 005 | 20241022160745.0 | ||
| 007 | ta | ||
| 008 | 241021t ck ||||| |||| 00| 0 spa d | ||
| 020 | _a[No incluye ISBN] | ||
| 040 |
_bspa _cCO-MdFUSB _dCO-MdFUSB |
||
| 041 | 0 | _aspa | |
| 082 | 0 | 4 |
_a864.861 _223 _bG216 |
| 100 | 1 |
_aGarcía Márquez, Gabriel (1928-) _eautor |
|
| 245 | 3 |
_aLa soledad de América Latina _b/ Gabriel García Márquez |
|
| 246 | _bBrindis por la poesía | ||
| 264 | 3 |
_bCorporación Editorial Universitaria de Colombia _aCali, Colombia : _c[1983] |
|
| 300 |
_a78 páginas _c; 18 cm. |
||
| 336 |
_2rdacontent _atexto _btxt |
||
| 337 |
_2rdamedia _asin mediación _bn |
||
| 338 |
_2rdacarrier _avolumen _bnc |
||
| 500 | _aLa soledad de América Latina (Conferencia Nobel 1982) Gabriel García Márquez. | ||
| 505 | _aLa Soledad de América Latina / Gabriel García Márquez.-- Brindis por la Poesía / Gabriel García Márquez.-- Discurso de ofrecimiento del Nobel / Lars Gyllensten.-- Gabriel García Márquez.-- Lars Gyllensten.-- La soledad del Nobel / Fernando Cruz Kronfly.-- Entrevista con Arthur Lundkvist / Eligio García.-- Alfredo Nobel y los Premios Nobel / Nils K. Stahle. | ||
| 520 | _aGabriel García Márquez, ganador del Nobel de Literatura en 1982, en su discurso “La soledad de América Latina”, explora las particularidades de la realidad latinoamericana, que a menudo se perciben como fantasía por quienes no la comparten. Argumenta que esta visión única nos aísla, llevando a una sensación de soledad. Concluye valorando la poesía como la esencia del ser humano, destacando su capacidad para sentir, soñar y desafiar lo improbable, lo que refleja una profunda creencia en la humanidad. | ||
| 563 | _aRústica | ||
| 650 | 7 |
_aOratoria _9103 |
|
| 650 | 7 |
_aLiteratura colombiana _2embne _92518 |
|
| 942 | _cBK | ||
| 945 | _aCatherine Arias Alvarez | ||
| 999 |
_c40565 _d40565 |
||